Financial organisation in public enterprise. (Record no. 80397)
[ view plain ]
| 000 -LEADER | |
|---|---|
| fixed length control field | 00817cam a22002291 4500 |
| 001 - CONTROL NUMBER | |
| control field | sa 68004857 |
| 003 - CONTROL NUMBER IDENTIFIER | |
| control field | DLC |
| 005 - DATE AND TIME OF LATEST TRANSACTION | |
| control field | 20260227112504.0 |
| 008 - FIXED-LENGTH DATA ELEMENTS--GENERAL INFORMATION | |
| fixed length control field | 711020s1967 ii a 00000 eng |
| 010 ## - LIBRARY OF CONGRESS CONTROL NUMBER | |
| LC control number | sa 68004857 //r84 |
| 025 ## - OVERSEAS ACQUISITION NUMBER | |
| Overseas acquisition number | PL480:I-E-9399 |
| 043 ## - GEOGRAPHIC AREA CODE | |
| Geographic area code | a-ii--- |
| 050 0# - LIBRARY OF CONGRESS CALL NUMBER | |
| Classification number | HD4293 |
| Item number | .F5 |
| 082 ## - DEWEY DECIMAL CLASSIFICATION NUMBER | |
| Classification number | 354.54/092 |
| 245 00 - TITLE STATEMENT | |
| Title | Financial organisation in public enterprise. |
| Statement of responsibility, etc. | [General editor: V. V. Ramanadham] With a foreword by R. C. Dutt. |
| 260 0# - PUBLICATION, DISTRIBUTION, ETC. | |
| Place of publication, distribution, etc. | Bombay, |
| Name of publisher, distributor, etc. | N. M. Tripathi, |
| Date of publication, distribution, etc. | 1967. |
| 300 ## - PHYSICAL DESCRIPTION | |
| Extent | xi, 253 p. |
| Other physical details | illus. |
| Dimensions | 23 cm. |
| 350 ## - PRICE (NR) (BK AM CF MU VM SE) [OBSOLETE] | |
| Price | Rs21 |
| 500 ## - GENERAL NOTE | |
| General note | "Contains reviews of the discussions ... at four seminars arranged by the Institute [of Public Enterprise]" |
| 650 #0 - SUBJECT ADDED ENTRY--TOPICAL TERM | |
| Topical term or geographic name entry element | Government business enterprises |
| Geographic subdivision | India |
| General subdivision | Finance. |
| 710 20 - ADDED ENTRY--CORPORATE NAME | |
| Corporate name or jurisdiction name as entry element | Institute of Public Enterprise (Hyderabad, India) |
No items available.